000 00492nam a2200181Ia 4500
005 20250326124233.0
008 250326s9999 xx 000 0 und d
037 _aTextbook
040 _aFMSL
_beng
_cFMSL
041 _aeng
_2eng
084 _aX:512 L3;4
_qFMSL
100 _aHudson C L
245 0 _aMasking of a modern salesman
_cHudson C L
260 _aLondon
_bLondon, Crosby Lockwood
_c1973
300 _a303p
942 _cTB
_hX:512 L3;4
999 _c1272888
_d1272888